Antimicrobial peptides LR14 (AMPs LR14) produced by lactobacillus plantarum LR/14 (Record no. 883293)

MARC details
000 -LEADER
fixed length control field 00880nam a2200253Ia 4500
003 - CONTROL NUMBER IDENTIFIER
control field OSt
005 - DATE AND TIME OF LATEST TRANSACTION
control field 20220930092134.0
008 - FIXED-LENGTH DATA ELEMENTS--GENERAL INFORMATION
fixed length control field 220926b |||||||| |||| 00| 0 eng d
037 ## - SOURCE OF ACQUISITION
Terms of availability Theses
040 ## - CATALOGING SOURCE
Original cataloging agency CRL
Transcribing agency CRL
Language of cataloging eng
041 ## - LANGUAGE CODE
Source of code eng
Language code of text/sound track or separate title eng
100 ## - MAIN ENTRY--PERSONAL NAME
Personal name Gupta Ruchi
110 ## - MAIN ENTRY--CORPORATE NAME
Corporate name or jurisdiction name as entry element University of Delhi. Faculty of Medical Sciences. Department of Genetics
9 (RLIN) 547945
245 #0 - TITLE STATEMENT
Title Antimicrobial peptides LR14 (AMPs LR14) produced by lactobacillus plantarum LR/14
Remainder of title Mode of action, inhibition spectrum and their application
260 ## - PUBLICATION, DISTRIBUTION, ETC.
Date of publication, distribution, etc. 2012
650 ## - SUBJECT ADDED ENTRY--TOPICAL TERM
Topical term or geographic name entry element GENETICS
700 ## - ADDED ENTRY--PERSONAL NAME
Personal name Prof. Sheela Srivastava Gu.
9 (RLIN) 532283
700 ## - ADDED ENTRY--PERSONAL NAME
Personal name University of Delhi. Faculty of Medical Sciences. Department of Genetics
9 (RLIN) 547946
942 ## - ADDED ENTRY ELEMENTS (KOHA)
Koha item type Dissertations
Source of classification or shelving scheme Colon Classification (CC)
Holdings
Withdrawn status Lost status Damaged status Not for loan Home library Current library Date acquired Total Checkouts Barcode Date last seen Price effective from Koha item type
        Central Library Central Library 2022-09-30   TH0019828 2022-09-30 2022-09-30 Thesis
Copyright @ Delhi University Library System